Critical care & emergency nursing / (Record no. 357602)
[ view plain ]
| 000 -LEADER | |
|---|---|
| fixed length control field | 00657nam a2200241Ia 4500 |
| 008 - FIXED-LENGTH DATA ELEMENTS--GENERAL INFORMATION | |
| fixed length control field | 180523s9999 xx 000 0 und d |
| 020 ## - INTERNATIONAL STANDARD BOOK NUMBER | |
| International Standard Book Number | 978-981-259-788-5 |
| 050 ## - LIBRARY OF CONGRESS CALL NUMBER | |
| Classification number | MAIN R 150.I5 |
| 050 ## - LIBRARY OF CONGRESS CALL NUMBER | |
| Item number | .S38 2006 c.1 |
| 100 ## - MAIN ENTRY--PERSONAL NAME | |
| Personal name | Schumacher, Lori. |
| 245 #0 - TITLE STATEMENT | |
| Title | Critical care & emergency nursing / |
| 245 #0 - TITLE STATEMENT | |
| Statement of responsibility, etc | Lori Schumacher, Bynthia Chernecky. |
| 260 ## - PUBLICATION, DISTRIBUTION, ETC. (IMPRINT) | |
| Place of publication, distribution, etc | Singapore : |
| 260 ## - PUBLICATION, DISTRIBUTION, ETC. (IMPRINT) | |
| Name of publisher, distributor, etc | Elsevier, |
| 260 ## - PUBLICATION, DISTRIBUTION, ETC. (IMPRINT) | |
| Date of publication, distribution, etc | 2006 |
| 300 ## - PHYSICAL DESCRIPTION | |
| Extent | 430 pages : |
| 300 ## - PHYSICAL DESCRIPTION | |
| Other physical details | illustrations ; |
| 300 ## - PHYSICAL DESCRIPTION | |
| Dimensions | 23 cm. |
| 440 ## - SERIES STATEMENT/ADDED ENTRY--TITLE | |
| Title | Real-world nursing survival guide |
| 500 ## - GENERAL NOTE | |
| General note | Includes index. |
| 650 ## - SUBJECT ADDED ENTRY--TOPICAL TERM | |
| Topical term or geographic name as entry element | Intensive care nursing. |
| 650 ## - SUBJECT ADDED ENTRY--TOPICAL TERM | |
| General subdivision | Emergency nursing. |
| Withdrawn status | Lost status | Source of classification or shelving scheme | Damaged status | Home library | Current library | Shelving location | Date acquired | Source of acquisition | Cost, normal purchase price | Total Checkouts | Full call number | Barcode | Date last seen | Price effective from | Koha item type |
|---|---|---|---|---|---|---|---|---|---|---|---|---|---|---|---|
| Library of Congress Classification | South Mansfield College | South Mansfield College | 06/18/2007 | Donation | 298.00 | MAIN RT 150.I5 .S38 2006 c.1 | SMC03625 | 05/23/2018 | 05/23/2018 | Books |